000 01113nam a2200349 i 4500
001 121433
005 20230404122643.0
008 230404s2016 enk 000|0 eng|d
020 _a9780414059344
_qpaperback
020 _a0414059344
_qpaperback
035 _a(UK-WkNB)9780414059344
035 _a(StEdALDL)1/3505688
040 _aUK-WkNB
041 _aeng
082 0 4 _a343.41078624
245 0 0 _aJCT: Standard building contract with approximate quantities 2016
_cSBC/AQ 2016
246 1 _aSBC/AQ 2016
264 1 _aLondon :
_bThomson Reuters (Professional) UK Limited, trading as Sweet & Maxwell,
_cOctober 2016.
264 4 _c©2016
300 _aiv, 112 pages ;
_c30 cm
336 _atext
_2rdacontent
337 _aunmediated
_2rdamedia
338 _avolume
_2rdacarrier
490 _aJCT Contracts 2016
500 _aTitle from cover.
650 0 _aConstruction contracts
_zGreat Britain
650 0 _aConstruction contracts
_zGreat Britain
651 _aUnited Kingdom
710 2 _aJoint Contracts Tribunal,
_eissuing body.
942 _n0
999 _c121443
_d121443